[Event "Niedersachsen-ch op-B"]
[Site "Verden an der Aller"]
[Date "2020.01.03"]
[Round "4"]
[White "Lehmkuhl, Stefan"]
[Black "Wetjen, Fabian"]
[Result "1/2-1/2"]
[WhiteElo "1855"]
[BlackElo "1748"]
[PlyCount "23"]
[EventDate "2020.01.02"]
[EventType "swiss"]
[EventRounds "7"]
[EventCountry "GER"]
[SourceTitle "EXT 2023"]
[Source "ChessBase"]
[SourceDate "2022.10.05"]
[SourceVersion "1"]
[SourceVersionDate "2022.10.05"]
[SourceQuality "1"]

1. d4 e6 2. c4 f5 3. g3 Nf6 4. Bg2 Be7 5. Nh3 0-0 6. 0-0 d6 7. Qc2 e5 8. dxe5 dxe5 9. Nc3 Qe8 10. b3 Qh5 11. f3 c6 12. Nf2 1/2-1/2

[Event "Niedersachsen-ch op A"]
[Site "Verden"]
[Date "2019.01.06"]
[Round "7"]
[White "Wetjen, Fabian"]
[Black "Hesse, Juergen"]
[Result "1/2-1/2"]
[WhiteElo "1711"]
[BlackElo "1888"]
[PlyCount "55"]
[EventDate "2019.01.03"]
[EventType "swiss"]
[EventRounds "7"]
[EventCountry "GER"]
[SourceTitle "EXT 2022"]
[Source "ChessBase"]
[SourceDate "2021.10.06"]
[SourceVersion "1"]
[SourceVersionDate "2021.10.06"]
[SourceQuality "1"]

1. e4 e5 2. Nf3 Nc6 3. Bc4 Nf6 4. d4 exd4 5. e5 d5 6. Bb5 Ne4 7. Nxd4 Bd7 8. Bxc6 bxc6 9. 0-0 Be7 10. f4 c5 11. Nf3 c6 12. c4 Be6 13. Qe2 0-0 14. Nbd2 Nxd2 15. Nxd2 Qd7 16. Qf2 g6 17. b3 f6 18. Bb2 fxe5 19. Bxe5 Bd6 20. Rae1 Rae8 21. Qg3 Bxe5 22. Rxe5 dxc4 23. Ne4 Qd4+ 24. Qf2 cxb3 25. axb3 Qxe5 26. fxe5 Rxf2 27. Rxf2 Kg7 28. Nxc5 1/2-1/2

[Event "Niedersachsen-ch op A"]
[Site "Verden"]
[Date "2019.01.04"]
[Round "3"]
[White "Wetjen, Fabian"]
[Black "Hoppe, Andreas"]
[Result "0-1"]
[WhiteElo "1711"]
[BlackElo "1958"]
[PlyCount "42"]
[EventDate "2019.01.03"]
[EventType "swiss"]
[EventRounds "7"]
[EventCountry "GER"]
[SourceTitle "EXT 2022"]
[Source "ChessBase"]
[SourceDate "2021.10.06"]
[SourceVersion "1"]
[SourceVersionDate "2021.10.06"]
[SourceQuality "1"]

1. e4 e6 2. d4 d5 3. exd5 exd5 4. Nf3 Bd6 5. c4 dxc4 6. Bxc4 Ne7 7. Ng5 0-0 8. Qh5 Bf5 9. Bxf7+ Kh8 10. 0-0 Nd7 11. Bb3 c5 12. Nf7+ Rxf7 13. Bxf7 Nf6 14. Qe2 Nc6 15. Bg5 Nxd4 16. Qd1 Bxh2+ 17. Kxh2 Qc7+ 18. g3 Ng4+ 19. Kg1 Qxf7 20. f3 Ne5 21. Bf4 Bc2 0-1

[Event "Niedersachsen-ch op A"]
[Site "Verden"]
[Date "2019.01.03"]
[Round "1"]
[White "Wetjen, Fabian"]
[Black "Soellig, Martin"]
[Result "1-0"]
[WhiteElo "1711"]
[BlackElo "1983"]
[PlyCount "47"]
[EventDate "2019.01.03"]
[EventType "swiss"]
[EventRounds "7"]
[EventCountry "GER"]
[SourceTitle "EXT 2022"]
[Source "ChessBase"]
[SourceDate "2021.10.06"]
[SourceVersion "1"]
[SourceVersionDate "2021.10.06"]
[SourceQuality "1"]

1. e4 e6 2. d4 d5 3. exd5 exd5 4. Nf3 Bd6 5. c4 dxc4 6. Bxc4 Nf6 7. 0-0 0-0 8. Nc3 Bg4 9. Be3 Nbd7 10. Bg5 c6 11. Re1 Qc7 12. h3 Bh5 13. Rc1 Bf4 14. Bxf4 Qxf4 15. Ne2 Qd6 16. Ng3 Rae8 17. Rxe8 Rxe8 18. Nxh5 Nxh5 19. Ng5 Nf4 20. Bxf7+ Kf8 21. Bxe8 Kxe8 22. Qe1+ Kf8 23. Qe3 h6 24. Qxf4+ 1-0

[Event "Niedersachsen-ch op B"]
[Site "Verden"]
[Date "2018.01.05"]
[Round "3"]
[White "Wetjen, Fabian"]
[Black "Kiesel, Lucas"]
[Result "0-1"]
[WhiteElo "1688"]
[BlackElo "1837"]
[PlyCount "120"]
[EventDate "2018.01.04"]
[EventType "swiss"]
[EventRounds "7"]
[EventCountry "GER"]
[SourceTitle "EXT 2022"]
[Source "ChessBase"]
[SourceDate "2021.10.06"]
[SourceVersion "1"]
[SourceVersionDate "2021.10.06"]
[SourceQuality "1"]

1. d4 Nf6 2. Bf4 g6 3. Nc3 Bg7 4. e4 d6 5. Qd2 h6 6. h4 Nbd7 7. 0-0-0 e5 8. dxe5 dxe5 9. Bxe5 Nxe4 10. Nxe4 Bxe5 11. f4 Bg7 12. Nc5 Qf6 13. Re1+ Kf8 14. Qb4 Qxb2+ 15. Qxb2 Bxb2+ 16. Kxb2 Nxc5 17. Nf3 Be6 18. Ne5 Kg7 19. Bc4 Bxc4 20. Nxc4 Rhe8 21. g4 f6 22. f5 gxf5 23. gxf5 Kf7 24. Rhg1 Rxe1 25. Rxe1 Rg8 26. Ne3 Re8 27. Kc3 Ne4+ 28. Kd3 Nf2+ 29. Kd2 Ne4+ 30. Kd3 Nf2+ 31. Kd2 Rd8+ 32. Kc1 Rd4 33. Rf1 Ng4 34. Ng2 Ne5 35. Rf4 Rxf4 36. Nxf4 Nf3 37. Ng2 Ke7 38. c3 Kd6 39. Ne3 Nxh4 40. Ng4 Nxf5 41. Nxf6 Ke5 42. Nh5 Ke4 43. Kd2 Kf3 44. Kd3 Ng3 45. Nf6 h5 46. Nxh5 Nxh5 47. Kc4 Ke4 48. Kc5 Kd3 49. c4 Nf4 50. a4 b6+ 51. Kb5 Ne6 52. Kb4 a5+ 53. Kb3 Nc5+ 54. Ka3 Kxc4 55. Kb2 Kb4 56. Ka2 Kxa4 57. Kb2 Kb4 58. Ka2 Nd3 59. Kb1 Kb3 60. Ka1 c5 0-1

[Event "Niedersachsen-ch op-C"]
[Site "Verden"]
[Date "2017.01.07"]
[Round "6"]
[White "Wetjen, Fabian"]
[Black "Sturm, Hubert"]
[Result "1/2-1/2"]
[WhiteElo "1544"]
[BlackElo "1678"]
[PlyCount "102"]
[EventDate "2017.01.05"]
[EventType "swiss"]
[EventRounds "7"]
[EventCountry "GER"]
[SourceTitle "CBM 187 Extra"]
[Source "ChessBase"]
[SourceDate "2018.11.04"]
[SourceVersion "1"]
[SourceVersionDate "2018.11.04"]
[SourceQuality "1"]

1. d4 d5 2. Bf4 e6 3. Nf3 c5 4. c3 Nc6 5. e3 Nf6 6. Nbd2 cxd4 7. exd4 h6 8. Bd3 Bd6 9. Bg3 0-0 10. 0-0 Bxg3 11. hxg3 Qc7 12. Re1 a6 13. a4 Re8 14. Ne5 Nxe5 15. dxe5 Nd7 16. Qh5 Nf8 17. g4 Qe7 18. Nf3 Ng6 19. g3 Bd7 20. g5 Kh7 21. gxh6 gxh6 22. Kg2 Rh8 23. Rh1 Kg7 24. Qg4 Rag8 25. Bxg6 fxg6 26. Nh4 Qf7 27. a5 Kh7 28. Qg5 Kg7 29. Qg4 Rf8 30. Rhf1 Bb5 31. f4 Bxf1+ 32. Rxf1 Kh7 33. Nf3 Qf5 34. Qh4 Kg7 35. Nd4 Qf7 36. Qg4 Re8 37. f5 Rhf8 38. Rf4 exf5 39. Nxf5+ Qxf5 40. Rxf5 Rxf5 41. Qb4 Rf7 42. Qd6 h5 43. Qxd5 Rfe7 44. b4 Kh6 45. c4 g5 46. Qf3 Re6 47. Qxb7 g4 48. Qf7 R8e7 49. Qf8+ Kg5 50. Qg8+ Kf5 51. Qh8 Kg6 1/2-1/2

[Event "Niedersachsen-ch op-C"]
[Site "Verden"]
[Date "2017.01.06"]
[Round "4"]
[White "Wetjen, Fabian"]
[Black "Dettmer, Niels"]
[Result "0-1"]
[WhiteElo "1544"]
[BlackElo "1856"]
[PlyCount "53"]
[EventDate "2017.01.05"]
[EventType "swiss"]
[EventRounds "7"]
[EventCountry "GER"]
[SourceTitle "CBM 187 Extra"]
[Source "ChessBase"]
[SourceDate "2018.11.04"]
[SourceVersion "1"]
[SourceVersionDate "2018.11.04"]
[SourceQuality "1"]

1. d4 Nf6 2. Bf4 g6 3. Nc3 d6 4. e4 Bg7 5. Be2 0-0 6. Qd2 c6 7. Nf3 Nbd7 8. Bh6 e5 9. Bxg7 Kxg7 10. Rd1 Qe7 11. dxe5 dxe5 12. h3 Qb4 13. 0-0 Qxb2 14. Bc4 Qb4 15. Bd3 Qe7 16. Ne2 Nc5 17. Qe3 b6 18. Ng3 Ne8 19. h4 Bg4 20. Rde1 Bxf3 21. gxf3 Qxh4 22. Kg2 Qh6 23. Qe2 Qf4 24. Rg1 Kh8 25. Rh1 Ne6 26. Rh2 Qg5 27. Reh1 0-1